1184 1982 1065 1311 1198 1114 1470 1296 1156 1689 1905 1082 1739 1955 1975 1575 1771 1308 1033 1497 1383 1869 1352 1117 1225 1437 1136 1383 1336 1068 1970 1469 1201 1577 1396 1466 1684 1632 1500 1545 1556 1856 1502 1568 1577 1148 1280 1287 1394 1716 1937 1569 1517 1657 1951 1742 1185 1199 1836 1525 1403 1960 1290 1165 1109 1474 1063 1667 1244 1598 1527 1703 1937 1398 1669 1186 1597 1756 1392 1571 1803 1548 1088 1447 1539 1529 1384 1777 1133 1094 1099 1875 1426 1582 1552 1319 1197 1221 1082 BCNSPRNW ULIB Ver.6.0+V

เปลี่ยนเป็นภาษาไทย

Change to English
 แสดงรายละเอียดบรรณานุกรม
  กลับหน้าหลัก

Brief Record : Get Marc (ISO 2709) : E-mail record : QR code < ปิดหน้าต่าง
LEADER : 00000nam 2200000uu 4500
001    13399111307
003     ULIB
008    110622s||||||||th 000 0 tha d
020    97446523811
050  4 BF713^bพ234จ 2546
100 0  พเยาว์ พงษ์ศักดิ์ชาติ
245 10 จิตวิทยาพัฒนาการสำหรับพยาบาล/^cพเยาว์ พงษ์ศักดิ์ชาติ
260    กรุงเทพฯ :^bวิทยาลัยพยาบาลบรมราชชนนี สระบุรี,^c2546
300    115 หน้า
650  7 จิตวิทยาพัฒนาการ
710 2  วิทยาลัยพยาบาลบรมราชชนนี สระบุรี^bโครงการตำรา
945    ^p0^l0^i016014
995    ทศพร
999 ^a ใช้งานได้ทุกระบบ
รายการนี้ยังไม่มีแท็ก
คุณยังไม่ได้ล็อกอิน คุณสามารถมีกิจกรรมร่วมกับเว็บไซต์ได้ แต่ต้องล็อกอินก่อน ::
  ล็อกอิน

รายการสื่อสารสนเทศ

ลำดับที่ ประเภท เลขเรียก/บาร์โค้ด สถานที่ สถานะ
- ไม่พบข้อมูล -

รายการใกล้เคียง
    ผู้แต่ง [พเยาว์ พงษ์ศักดิ์ชาติ]

    หัวเรื่อง [จิตวิทยาพัฒนาการ]

BibComment


ยังไม่เคยถูกคอมเมนท์

คอมเมนท์ทรัพยากรรายการนี้
  คอมเมนท์: จิตวิทยาพัฒนาการส..


 Copyright 2026. Bcnsprnw @Library